|
|
|
|
| LEADER |
01049nam a2200265 a 4500 |
| 001 |
12162602 |
| 008 |
090521s2001 nyua b 001 0 eng d |
| 010 |
|
|
|a 00064380
|
| 020 |
|
|
|a 9780879698140
|
| 040 |
|
|
|a DNLM/DLC
|c DLC
|d DLC
|d DB-DhAAL
|
| 082 |
0 |
0 |
|a 572.8
|2 21
|
| 100 |
1 |
|
|a Sambrook, Joseph.
|
| 245 |
1 |
0 |
|a Molecular cloning :
|b a laboratory manual /
|c Joseph Sambrook, David W. Russell.
|
| 250 |
|
|
|a 3rd ed.
|
| 260 |
|
|
|a Cold Spring Harbor, N.Y. :
|b Cold Spring Harbor Laboratory Press,
|c c2001.
|
| 300 |
|
|
|a 3 v. :
|b ill. ;
|c 28 cm.
|
| 362 |
0 |
|
|a Volume 2
|
| 504 |
|
|
|a Includes bibliographical references and index.
|
| 541 |
1 |
|
|e 00016302
|
| 650 |
|
0 |
|a Molecular cloning
|v Laboratory manuals.
|
| 650 |
1 |
2 |
|a Cloning, Molecular
|v Laboratory Manuals.
|
| 700 |
1 |
|
|a Russell, David W.
|q (David William),
|d 1957-
|
| 852 |
4 |
|
|a Ayesha Abed Library
|j General Shelf.
|
| 999 |
|
|
|c 8564
|d 8564
|
| 952 |
|
|
|0 0
|1 0
|2 ddc
|4 0
|6 572_800000000000000_SAM_2001
|7 0
|9 10185
|a BRACUL
|b BRACUL
|c GEN
|d 2010-05-16
|l 6
|m 36
|o 572.8 SAM
|p 3010016302
|r 2026-02-03
|s 2026-01-07
|t 1
|w 2010-05-16
|y BK
|